Language and Memory: Understanding their Interactions, Interdependencies, and Shared Mechanisms (Record no. 34205)
[ view plain ]
| 000 -LEADER | |
|---|---|
| fixed length control field | 00576nam a2200133Ia 4500 |
| 008 - FIXED-LENGTH DATA ELEMENTS--GENERAL INFORMATION | |
| fixed length control field | 220620s9999||||xx |||||||||||||| ||und|| |
| 020 ## - INTERNATIONAL STANDARD BOOK NUMBER | |
| International Standard Book Number | 9782890000000 |
| 245 #0 - TITLE STATEMENT | |
| Title | Language and Memory: Understanding their Interactions, Interdependencies, and Shared Mechanisms |
| 546 ## - LANGUAGE NOTE | |
| Language note | English[eng] |
| 650 ## - SUBJECT ADDED ENTRY--TOPICAL TERM | |
| Topical term or geographic name entry element | language||memory||learning||communication||neuroscience |
| 700 ## - ADDED ENTRY--PERSONAL NAME | |
| Personal name | Duff, Melissa||Piai, Vitória |
| 856 ## - ELECTRONIC LOCATION AND ACCESS | |
| Uniform Resource Identifier | <a href="https://www.frontiersin.org/research-topics/9151/language-and-memory-understanding-their-interactions-interdependencies-and-shared-mechanisms">https://www.frontiersin.org/research-topics/9151/language-and-memory-understanding-their-interactions-interdependencies-and-shared-mechanisms</a> |
| 942 ## - ADDED ENTRY ELEMENTS (KOHA) | |
| Koha item type | E-Books |
| Withdrawn status | Lost status | Damaged status | Not for loan | Home library | Current library | Date acquired | Total Checkouts | Date last seen | Price effective from | Koha item type |
|---|---|---|---|---|---|---|---|---|---|---|
| Kerala University of Digital Sciences, Innovation and Technology Knowledge Centre | Kerala University of Digital Sciences, Innovation and Technology Knowledge Centre | 20/06/2022 | 20/06/2022 | 20/06/2022 | E-Books |